वैष्णव / (Record no. 114553)

MARC details
000 -LEADER
fixed length control field 01115nam a22002657a 4500
005 - DATE AND TIME OF LATEST TRANSACTION
control field 20170124103010.0
010 ## - LIBRARY OF CONGRESS CONTROL NUMBER
LC control number B-038380
020 ## - INTERNATIONAL STANDARD BOOK NUMBER
Terms of availability 125.00
International Standard Book Number 817721005
035 ## - SYSTEM CONTROL NUMBER
System control number B-038380
037 ## - SOURCE OF ACQUISITION
Source of stock number/acquisition Cen Lib/Ret
040 ## - CATALOGING SOURCE
Original cataloging agency DPL
Language of cataloging HN
082 ## - DEWEY DECIMAL CLASSIFICATION NUMBER
Classification number
Item number कुसुमा
100 ## - MAIN ENTRY--PERSONAL NAME
Personal name कुसुमाग्रज
9 (RLIN) 43304
245 ## - TITLE STATEMENT
Title वैष्णव /
Statement of responsibility, etc कुसुमाग्रज ; अनुवादक शशिकला कर्डिले
246 ## - VARYING FORM OF TITLE
Title proper/short title Vaishnav /
Remainder of title by Kusumagraj ; anuvadak Shashikala Kardile
260 ## - PUBLICATION, DISTRIBUTION, ETC. (IMPRINT)
Place of publication, distribution, etc दिल्ली
Name of publisher, distributor, etc सत्साहित्य प्रकाशन
Date of publication, distribution, etc 2001
270 ## - ADDRESS
Address 205-बी, चावड़ी बाजार
City दिल्ली
Postal code 110006
300 ## - PHYSICAL DESCRIPTION
Extent 126पृ.
Dimensions 21सेमी (सजिल्द)
650 ## - SUBJECT ADDED ENTRY--TOPICAL TERM
Topical term or geographic name as entry element हिन्दी -- साहित्य
9 (RLIN) 57289
650 ## - SUBJECT ADDED ENTRY--TOPICAL TERM
Topical term or geographic name as entry element हिन्दी -- उपन्यास
9 (RLIN) 57290
650 ## - SUBJECT ADDED ENTRY--TOPICAL TERM
Topical term or geographic name as entry element Hindi -- Literature
9 (RLIN) 57291
650 ## - SUBJECT ADDED ENTRY--TOPICAL TERM
Topical term or geographic name as entry element Hindi -- Fiction
9 (RLIN) 27248
700 ## - ADDED ENTRY--PERSONAL NAME
Personal name कर्डिले, शशिकला
9 (RLIN) 57292
942 ## - ADDED ENTRY ELEMENTS (KOHA)
Source of classification or shelving scheme Dewey Decimal Classification
Koha item type Hindi Books
Classification part
Call number suffix कुसुमा
Holdings
Withdrawn status Lost status Damaged status Not for loan Home library Current library Date acquired Source of acquisition Cost, normal purchase price Total Checkouts Full call number Barcode Date last seen Copy number Cost, replacement price Price effective from Koha item type Source of classification or shelving scheme Collection code
        Central Library Central Library 18/08/2015 Cen Lib/Ret 125.00   उ कुसुमा B-038380 18/08/2015 1 125.00 18/08/2015 Hindi Books    
        Yojana Vihar Yojana Vihar 20/07/2019 BPPD/PUB 125.00   उ कुसुमा B-038403 20/07/2019   125.00 20/07/2019 Hindi Books Dewey Decimal Classification Fiction

© Delhi Public Library
Hit Counter
free hit counter